Jóvenes mexicanos : legitimidad, formalidad, legalidad, membresía : Encuesta Nacional de Juventud 2005 : Michoacán /
Después de la aplicación y análisis de la Encuesta Nacional de Juventud en 2000, el Instituto Mexicano de la Juventud ha proseguido su investigación sobre cómo acercar a los jóvenes a sus instituciones y programas; en 2005 se realizó una segunda Encuesta, para que ayude a comprender la condición de...
محفوظ في:
| مؤلف مشترك: | |
|---|---|
| مؤلفون آخرون: | , , , , |
| التنسيق: | كتاب |
| اللغة: | الإسبانية |
| منشور في: |
México :
Instituto Mexicano de la Juventud,
2007, c2007
|
| الموضوعات: | |
| الوسوم: |
لا توجد وسوم, كن أول من يضع وسما على هذه التسجيلة!
|
MARC
| LEADER | 00000nam^a2200000^a^4500 | ||
|---|---|---|---|
| 001 | 000270309 | ||
| 005 | 20250521000000.0 | ||
| 005 | 20250521000000.0 | ||
| 009 | 20260310110951.684 | ||
| 020 | |a 968-5224-65-X | ||
| 020 | |a 968-5224-61-7 | ||
| 025 | |a Donación sin dato, 1 ejemplar | ||
| 037 | |a Acervo ITESO - Biblioteca | ||
| 041 | |a ESP | ||
| 082 | |a 305. 2350972 |b INS MICH 2005 | ||
| 110 | |a Instituto Mexicano de la Juventud | ||
| 240 | 1 | 1 | |a [Encuesta Nacional de Juventud] |
| 240 | 1 | 1 | |a [Jóvenes mexicanos: legitimidad, formalidad, legalidad, membresía] |
| 245 | 1 | 0 | |a Jóvenes mexicanos : |b legitimidad, formalidad, legalidad, membresía : Encuesta Nacional de Juventud 2005 : Michoacán / |c A. Alvarez Gutiérrez ; coord. de L.C. Ouéda Cruz, P. Martínez Iturbide ; introd. de L.C. Ouéda Cruz ; presen. de L. Cárdenas Batel ; I.P. Vera Hernández. |
| 264 | 4 | |a México : |b Instituto Mexicano de la Juventud, |c 2007, c2007 | |
| 300 | |a 139 p. | ||
| 336 | |a texto |b txt |2 rdacontenido | ||
| 337 | |a sin mediación |b n |2 rdamedio | ||
| 338 | |a volumen |b nc |2 rdasoporte | ||
| 520 | |a Después de la aplicación y análisis de la Encuesta Nacional de Juventud en 2000, el Instituto Mexicano de la Juventud ha proseguido su investigación sobre cómo acercar a los jóvenes a sus instituciones y programas; en 2005 se realizó una segunda Encuesta, para que ayude a comprender la condición de ser joven en México y brinde los elementos necesarios para el diseño de políticas públicas que ofrezcan mejores respuestas y oportunidades a los jóvenes, tanto desde las instituciones gubernamentales como desde las organizaciones ciudadanas y sociales. La muestra representativa incluye los estados de Coahuila, Jalisco, Michoacán, Nuevo León, Quintana Roo, Zacatecas y al Distrito Federal; sus resultados giran en torno a las siguientes problemáticas: educación, trabajo, salud, sexualidad, procreación, vida privada, vida pública, valores, acceso a la justicia y derechos humanos. | ||
| 649 | |a XX | ||
| 650 | |a Valores | ||
| 650 | |a Estadística Vital - |z México | ||
| 650 | |a Sexualidad - |z Michoacán - |x Estadísticas | ||
| 650 | |a Sexualidad - |z México - |x Estadísticas | ||
| 650 | |a Participación Social - |z Michoacán - |x Estadísticas | ||
| 650 | |a Participación Social - |z México - |x Estadísticas | ||
| 650 | |a Participación Política - |z Michoacán - |x Estadísticas | ||
| 650 | |a Participación Política - |z México - |x Estadísticas | ||
| 650 | |a Cultura Política - |z Michoacán - |x Estadísticas | ||
| 650 | |a Axiología - |z Michoacán | ||
| 650 | |a Axiología - |z México | ||
| 650 | |a Jóvenes - |z México - |x Estadísticas - |x Tema Principal | ||
| 650 | |a Cultura Política - |z México - |x Estadísticas | ||
| 650 | |a Grupos Sociales - |z México - |x Estadísticas | ||
| 650 | |a Mercado de Trabajo - |z Michoacán - |x Estadísticas | ||
| 650 | |a Mercado de Trabajo - |z México - |x Estadísticas | ||
| 650 | |a Educación y Trabajo - |z Michoacán - |x Estadísticas | ||
| 650 | |a Educación y Trabajo - |z México - |x Estadísticas | ||
| 650 | |a Educación - |z Michoacán - |x Estadísticas | ||
| 650 | |a Educación - |z México - |x Estadísticas | ||
| 650 | |a Educación - |z Michoacán - |x Historia - |y 2000-2006 | ||
| 650 | |a Educación - |z México - |x Historia - |y 2000-2006 | ||
| 650 | |a Economía - |z Michoacán - |x Estadísticas | ||
| 650 | |a Economía - |z México - |x Estadísticas | ||
| 650 | |a Economía - |z Michoacán - |x Historia - |y 2000-2006 | ||
| 650 | |a Economía - |z México - |x Historia - |y 2000-2006 | ||
| 650 | |a Roles de Género - |z México - |x Estadísticas | ||
| 650 | |a Demografía - |z México - |x Historia - |y 2000-2006 | ||
| 650 | |a Estadística Vital - |z Michoacán | ||
| 650 | |a Género - |z México - |x Estadísticas | ||
| 650 | |a Jóvenes - |z Michoacán - |x Condiciones Sociales y Culturales | ||
| 650 | |a Jóvenes - |z México - |x Condiciones Sociales y Culturales | ||
| 650 | |a Jóvenes - |z Michoacán - |x Condiciones Laborales | ||
| 650 | |a Jóvenes - |z México - |x Condiciones Laborales | ||
| 650 | |a Jóvenes - |z Michoacán - |x Condiciones Económicas | ||
| 650 | |a Jóvenes - |z México - |x Condiciones Económicas | ||
| 650 | |a Jóvenes - |z Michoacán - |x Condiciones Políticas | ||
| 650 | |a Jóvenes - |z México - |x Condiciones Políticas | ||
| 650 | |a Jóvenes - |z Michoacán - |x Estadísticas - |x Tema Principal | ||
| 650 | |a Empleo y Desempleo - |z Michoacán - |x Estadísticas | ||
| 650 | |a Grupos Sociales - |z Michoacán - |x Estadísticas | ||
| 650 | |a Empleo y Desempleo - |z México - |x Estadísticas | ||
| 650 | |a Consumo y Oferta Cultural - |z Michoacán - |x Estadísticas | ||
| 650 | |a Consumo y Oferta Cultural - |z México - |x Estadísticas | ||
| 650 | |a Pertenencia Social - |z Michoacán - |x Estadísticas | ||
| 650 | |a Pertenencia Social - |z México - |x Estadísticas | ||
| 650 | |a Identidad Cultural - |z Michoacán - |x Estadísticas | ||
| 650 | |a Identidad Cultural - |z México - |x Estadísticas | ||
| 650 | |a Relaciones de Pareja - |z Michoacán - |x Estadísticas | ||
| 650 | |a Relaciones de Pareja - |z México - |x Estadísticas | ||
| 650 | |a Relaciones Familiares - |z Michoacán - |x Estadísticas | ||
| 650 | |a Relaciones Familiares - |z México - |x Estadísticas | ||
| 650 | |a Familia - |z Michoacán - |x Estadísticas | ||
| 650 | |a Familia - |z México - |x Estadísticas | ||
| 650 | |a Roles de Género - |z Michoacán - |x Estadísticas | ||
| 650 | |a Demografía - |z Michoacán - |x Historia - |y 2000-2006 | ||
| 650 | |a Género - |z Michoacán - |x Estadísticas | ||
| 700 | |a Alvarez Gutiérrez, Alberto |e (autor) | ||
| 700 | |a Ouéda Cruz, Lucie Christiane |e (coordinación e introducción) | ||
| 700 | |a Martínez Iturbide, Pedro |e (coordinación) | ||
| 700 | |a Cárdenas Batel, Lázaro |e (presentación) | ||
| 700 | |a Vera Hernández, Isabel Priscila |e (presentación) | ||
| 910 | |a Fondo General | ||
| 920 | |a Impresos - Libros | ||
| 930 | |a Colección General | ||
| 905 | |a 101 | ||
| 901 | |a 0500155219 |b IT1 |c ACC |i D |u 20250521 | ||
| 902 | |a https://opac.biblio.iteso.mx/vufind/Record/000270309 | ||